Établissement et revision des constitutions en Amérique et en Europe / (Record no. 178957)

MARC details
000 -LEADER
campo de control de longitud fija 00781nam a2200217 i 4500
001 - NÚMERO DE CONTROL
campo de control 178957
003 - IDENTIFICADOR DE NÚMERO DE CONTROL
campo de control ES-MaACL
005 - FECHA Y HORA DE LA ÚLTIMA TRANSACCIÓN
campo de control 20240528165420.0
008 - DATOS DE LONGITUD FIJA--INFORMACIÓN GENERAL
campo de control de longitud fija 110812s1893 fr |||| | fre d
100 1# - ENTRADA PRINCIPAL--NOMBRE DE PERSONA
Nombre de persona Borgeaud, Charles.
9 (RLIN) 147597
245 10 - MENCIÓN DEL TÍTULO
Título Établissement et revision des constitutions en Amérique et en Europe /
Mención de responsabilidad, etc. par Charles Borgeaud.
260 ## - PUBLICACIÓN, DISTRIBUCIÓN, ETC.
Lugar de publicación, distribución, etc. Paris :
Nombre del editor, distribuidor, etc. Thorin et fils.,
Fecha de publicación, distribución, etc. 1893.
300 ## - DESCRIPCIÓN FÍSICA
Extensión VI, 423 p. ;
Dimensiones 22 cm.
490 1# - MENCIÓN DE SERIE
Mención de serie Bibliothèque de l'histoire du droit et des institutions ;
Designación de volumen o secuencia 10
650 #4 - PUNTO DE ACCESO ADICIONAL DE MATERIA--TÉRMINO DE MATERIA
Término de materia o nombre geográfico como elemento de entrada Constituciones-
Subdivisión geográfica Estados Unidos.
9 (RLIN) 147598
655 #7 - TERMINO DE INDIZACIÓN--GENERO/FORMA
Fuente del término tgfbne
9 (RLIN) 226828
Datos o término principal de género/forma Constituciones
830 0# - PUNTO DE ACCESO ADICIONAL DE SERIE-TÍTULO UNIFORME
Título uniforme Bibliothèque de l'histoire du droit et des institutions ;
Designación de volumen o secuencia 10
9 (RLIN) 188164
852 ## - LOCALIZACIÓN
Ubicación ES-MaACL
Número de control de estantería F-12735
942 ## - ELEMENTOS DE ENTRADA SECUNDARIOS (KOHA)
Fuente del sistema de clasificación o colocación Clasificación decimal universal
Holdings
Estatus retirado Estado de pérdida Estado de daño No para préstamo Colección Biblioteca de origen Biblioteca actual Ubicación en estantería Fecha de adquisición Fuente de adquisición Total de préstamos Signatura topográfica completa Código de barras Visto por última vez Precio de reemplazo Tipo de ítem Koha
        Libros del s. XIX Biblioteca del Ateneo de Madrid Biblioteca del Ateneo de Madrid Sala Pecera Planta 2 12/08/2011     F-12735 1187982 23/02/2023 23/02/2023 Libro impreso antiguo